|
|
|
|
| LEADER |
00897nab a2200241 i 4500 |
| 001 |
misc64986 |
| 005 |
20240826102613.0 |
| 008 |
240215s1972 hu o 000 rus d |
| 040 |
|
|
|a SZTE Miscellanea Repozitórium
|b hun
|
| 041 |
|
|
|a rus
|
| 100 |
1 |
|
|a Tenišev Èdgem Rahimovič
|
| 245 |
1 |
0 |
|a G. Sadvakasov, Âzyk ujgurov Ferganskoj doliny, 1., Očerk fonetiki, teksty i slovar'. Alma-Ata, 1970
|h [elektronikus dokumentum] :
|b recenziâ /
|c Tenišev Èdgem Rahimovič
|
| 260 |
|
|
|c 1972
|
| 300 |
|
|
|a 139-140
|c 27 cm
|
| 300 |
|
|
|a [2] p.
|c 27 cm
|
| 490 |
0 |
|
|a Voprosy âzykoznaniâ
|
| 561 |
|
|
|a Németh Gyula hagyaték
|
| 591 |
|
|
|a NOA 6019
|
| 650 |
|
4 |
|a Bölcsészettudományok
|
| 650 |
|
4 |
|a Nyelvek és irodalom
|
| 695 |
|
|
|a Ujgur nyelvjárás - Fergana - könyvismertetés
|
| 700 |
0 |
1 |
|a Sadvakasov Gozahmet
|
| 856 |
4 |
0 |
|u http://misc.bibl.u-szeged.hu/64986/1/6019_noa.pdf
|z Dokumentum-elérés
|